[Event "12th Open"]
[Site "Dubai UAE"]
[Date "2010.04.11"]
[Round "7"]
[White "Meenakshi,Sub"]
[Black "Ghader Pour,S"]
[Result "1-0"]
[WhiteElo "2348"]
[BlackElo "2213"]
[EventDate "2010.04.05"]

1. Nf3 Nf6 2. c4 e6 3. Nc3 Bb4 4. Qb3 c5 5. a3 Ba5 6. g3 Nc6 7. Bg2 O-O 8.
O-O d6 9. e3 e5 10. d3 Re8 11. Rd1 Qe7 12. Nd5 Nxd5 13. cxd5 Nb8 14. Qa4
Bd8 15. b4 cxb4 16. axb4 Bg4 17. h3 Bh5 18. e4 Bxf3 19. Bxf3 Bb6 20. Bg4
Na6 21. Kg2 Bd4 22. Ra2 Nc7 23. f4 a6 24. fxe5 Bxe5 25. d4 Bf6 26. Re2 Nb5
27. Bb2 Qc7 28. Qb3 Rad8 29. Rc1 Qb8 30. Qe3 g6 31. e5 dxe5 32. dxe5 Rxd5
33. Qf3 Bg5 34. Qxd5 Bxc1 35. e6 f6 36. e7+ Kg7 37. Bxc1 h5 38. Qd2 hxg4
39. Qh6+ Kg8 40. Qxg6+ Kh8 41. Qxf6+ 1-0

[Event "12th Open"]
[Site "Dubai UAE"]
[Date "2010.04.11"]
[Round "7"]
[White "Padmini,R"]
[Black "Saeed,I"]
[Result "1-0"]
[WhiteElo "2319"]
[BlackElo "2217"]
[EventDate "2010.04.05"]

1. e4 e5 2. Nf3 Nc6 3. Bb5 a6 4. Ba4 Nf6 5. O-O Be7 6. Bxc6 dxc6 7. Qe1 Nd7
8. b3 c5 9. Bb2 Bd6 10. d3 Qe7 11. Nc3 Nf6 12. Nd2 g5 13. Ne2 Bd7 14. f4
gxf4 15. Nxf4 Rg8 16. Ne2 Ng4 17. Nc4 O-O-O 18. h3 Nh6 19. Rf3 f5 20. Qd2
Rg6 21. Raf1 Rdg8 22. R1f2 f4 23. Nxf4 exf4 24. e5 Bc6 25. exd6 cxd6 26.
Qxf4 Bxf3 27. Qxf3 Kb8 28. Kh2 Qh4 29. Kg1 Rg3 30. Qd5 R3g6 31. Nxd6 Qe7
32. Be5 Ka8 33. Nc4 Rd8 34. Qf3 Ng8 35. a4 Re6 36. Qf4 Ka7 37. a5 Qd7 38.
Bc7 Rde8 39. Bb6+ Ka8 40. Bxc5 Qc6 41. b4 Rf6 42. Nb6+ Ka7 43. Nd7+ Qxc5
44. Nxc5 Rxf4 45. Rxf4 b6 46. axb6+ Kxb6 47. Rf7 a5 48. Nd7+ Kb5 49. bxa5
Kxa5 50. Rxh7 Re1+ 51. Kf2 Rc1 52. c4 Rc2+ 53. Kf3 Rd2 54. Ne5 Nf6 55. Rf7
Ne8 56. h4 Nd6 57. Rf6 Ne8 58. Rf8 Ng7 59. g4 Kb4 60. Rf6 Ne8 61. Re6 Nc7
62. Rc6 Ne8 63. h5 Kc3 64. Kg3 Re2 65. Nf3 Kxd3 66. h6 Re7 67. g5 Nc7 68.
g6 Ne6 69. h7 Re8 70. Rxe6 1-0

[Event "12th Open"]
[Site "Dubai UAE"]
[Date "2010.04.11"]
[Round "7"]
[White "Wageih,K"]
[Black "Lopez Martinez,Josep"]
[Result "0-1"]
[WhiteElo "2268"]
[BlackElo "2548"]
[EventDate "2010.04.05"]

1. d4 Nf6 2. Nf3 e6 3. e3 b6 4. Bd3 Bb7 5. O-O c5 6. c4 Be7 7. Nc3 cxd4 8.
exd4 d5 9. cxd5 Nxd5 10. Ne5 O-O 11. Qg4 f5 12. Qe2 Bf6 13. Re1 Re8 14. Bb5
Re7 15. Bd2 a6 16. Bc4 Nc6 17. Nxc6 Bxc6 18. Bxd5 Bxd5 19. Bf4 Raa7 20. Be5
Bxe5 21. Nxd5 Bxh2+ 22. Kxh2 exd5 23. Qf3 Qd6+ 24. g3 g6 25. Rac1 Kg7 26.
Qc3 f4 27. Re5 Rec7 28. Qd2 fxg3+ 29. fxg3 Rxc1 30. Qxc1 Rf7 31. Qe3 Qc6
32. Re7 Qf6 33. Rxf7+ Kxf7 34. Qc3 Kg7 35. Kg2 h5 36. b4 Qe6 37. a4 g5 38.
a5 bxa5 39. bxa5 Kg6 40. Qd3+ Qe4+ 0-1

[Event "12th Open"]
[Site "Dubai UAE"]
[Date "2010.04.12"]
[Round "8"]
[White "Sanikidze,T"]
[Black "Iordachescu,V"]
[Result "1/2-1/2"]
[WhiteElo "2566"]
[BlackElo "2621"]
[EventDate "2010.04.05"]

1. d4 Nf6 2. c4 e6 3. Nf3 b6 4. g3 Bb7 5. Bg2 Be7 6. O-O O-O 7. Nc3 Ne4 8.
Nxe4 Bxe4 9. Ne1 Bxg2 10. Nxg2 d5 11. Qa4 dxc4 12. Qxc4 c5 13. dxc5 Bxc5
14. Be3 Nd7 15. Rfd1 Qe7 16. Bxc5 Qxc5 17. Rac1 Qxc4 18. Rxc4 Nf6 19. Ne3
Rfc8 20. Rdc1 Rxc4 21. Rxc4 Ne8 22. Rd4 Nf6 23. Rc4 Ne8 24. Nc2 Kf8 25. Nd4
Ke7 26. Nb5 Kd7 27. Kg2 a6 28. Nc3 Nd6 29. Rh4 h6 30. Rg4 g6 1/2-1/2

[Event "12th Open"]
[Site "Dubai UAE"]
[Date "2010.04.12"]
[Round "8"]
[White "Safarli,E"]
[Black "Baklan,V"]
[Result "1/2-1/2"]
[WhiteElo "2606"]
[BlackElo "2644"]
[EventDate "2010.04.05"]

1. e4 c5 2. Nf3 d6 3. d4 cxd4 4. Nxd4 Nf6 5. Nc3 Nc6 6. Bg5 e6 7. Qd2 a6 8.
O-O-O Bd7 9. Nxc6 Bxc6 10. Qe1 Qa5 11. f4 Be7 12. Bh4 Qc7 13. Bd3 O-O-O 14.
Rf1 Rhf8 15. Kb1 Kb8 16. Bf2 d5 17. e5 Nd7 18. Ne2 Nc5 19. Nd4 Rc8 20. Qe3
Bd7 21. Nb3 g6 22. c4 dxc4 23. Bxc4 Ba4 24. Rc1 Bxb3 25. Bxb3 Rfd8 26. Rfd1
b6 27. Rxd8 Rxd8 28. Bc4 a5 29. Be2 Qc6 30. Bf3 Qb5 1/2-1/2

[Event "12th Open"]
[Site "Dubai UAE"]
[Date "2010.04.12"]
[Round "8"]
[White "Volkov,Sergey1"]
[Black "Ghaem Maghami,E"]
[Result "1/2-1/2"]
[WhiteElo "2612"]
[BlackElo "2575"]
[EventDate "2010.04.05"]

1. d4 d5 2. c4 Nc6 3. Nc3 dxc4 4. d5 Ne5 5. Qd4 Ng6 6. Nf3 Nf6 7. h4 e6 8.
e4 exd5 9. exd5 h6 10. h5 Ne7 11. Bxc4 Nf5 12. Bb5+ Bd7 13. Qd3 Nd6 14.
Bxd7+ Qxd7 15. Bf4 Be7 16. O-O-O O-O 17. Ne5 Qf5 18. Qxf5 Nxf5 19. g4 Nd6
20. Rhe1 Rfe8 21. Kc2 Rad8 22. f3 a6 23. a4 Bf8 24. Kb3 Nc8 25. Nc4 Rxe1
26. Rxe1 Nxd5 27. Nxd5 Rxd5 28. Bxc7 b5 29. Ne3 Rd3+ 30. Kc2 Rd7 31. Ba5
bxa4 32. Ra1 Bc5 33. Nd1 Rd4 34. Nc3 a3 1/2-1/2

[Event "12th Open"]
[Site "Dubai UAE"]
[Date "2010.04.12"]
[Round "8"]
[White "Gagunashvili,M"]
[Black "Balogh,C"]
[Result "1/2-1/2"]
[WhiteElo "2582"]
[BlackElo "2622"]
[EventDate "2010.04.05"]

1. d4 d5 2. c4 c6 3. Nf3 Nf6 4. e3 Bf5 5. Bd3 Bxd3 6. Qxd3 e6 7. Nc3 Nbd7
8. O-O Be7 9. e4 dxe4 10. Nxe4 Nxe4 11. Qxe4 O-O 12. b3 Qc7 13. Bb2 Bf6 14.
Rad1 Rfd8 15. Rfe1 c5 16. Qe2 cxd4 17. Bxd4 a6 18. h3 h6 19. Rd2 Bxd4 20.
Rxd4 Nf6 21. Red1 Rxd4 22. Rxd4 Rd8 23. Qd2 Rxd4 24. Qxd4 Nd7 25. Nd2 Nf6
26. Nf3 Nd7 27. Nd2 Nf6 28. Nf3 Nd7 29. Nd2 Nf6 1/2-1/2

[Event "12th Open"]
[Site "Dubai UAE"]
[Date "2010.04.12"]
[Round "8"]
[White "Sargissian,G"]
[Black "Shanava,K"]
[Result "1/2-1/2"]
[WhiteElo "2675"]
[BlackElo "2544"]
[EventDate "2010.04.05"]

1. d4 Nf6 2. c4 e6 3. Nc3 Bb4 4. e3 c5 5. Nf3 cxd4 6. exd4 d5 7. cxd5 exd5
8. Bd3 O-O 9. O-O Bg4 10. Qb3 Bxc3 11. bxc3 Bxf3 12. gxf3 Qd7 13. Bf4 Nh5
14. Bg3 Nc6 15. Rfe1 Rac8 16. Rab1 Nxg3 17. hxg3 Rc7 18. Qa3 g6 19. Re3 Rd8
20. Rbe1 Qd6 21. Qa4 Rdd7 22. Kg2 Re7 23. Rxe7 Rxe7 24. Rxe7 Qxe7 25. Qb5
Qd7 26. f4 b6 27. Be2 Qd6 28. Bf3 Ne7 29. Qe2 Kg7 30. Qe5+ Qxe5 31. fxe5 f6
32. Bd1 fxe5 33. dxe5 Kf7 34. f4 Ke6 35. Bg4+ Nf5 36. Bh3 h5 37. g4 Ne3+
38. Kf3 hxg4+ 39. Bxg4+ Nxg4 40. Kxg4 b5 41. Kg5 Kf7 42. e6+ Kxe6 43. Kxg6
Ke7 44. Kf5 Kd6 45. Kg4 a5 46. Kf3 b4 47. cxb4 axb4 48. Ke3 Ke6 49. Kd4 Kf5
50. Kxd5 Kxf4 51. Kc4 Ke5 1/2-1/2

[Event "12th Open"]
[Site "Dubai UAE"]
[Date "2010.04.12"]
[Round "8"]
[White "Fedorov,Alex"]
[Black "Malakhatko,V"]
[Result "1/2-1/2"]
[WhiteElo "2618"]
[BlackElo "2548"]
[EventDate "2010.04.05"]

1. e4 c6 2. d4 d5 3. e5 Bf5 4. Be3 e6 5. Nd2 Qb6 6. Nb3 a5 7. a4 Bb4+ 8. c3
Be7 9. Be2 Nd7 10. Nf3 Bg6 11. O-O Nh6 12. Ne1 Nf5 13. Bf4 Bd8 14. Nd3 Qa7
15. g3 Bb6 16. h4 h6 17. h5 Bh7 18. Kg2 Bc7 19. Rh1 Ne7 20. Nbc5 Nxc5 21.
Nxc5 b6 22. Nd3 c5 23. Qd2 O-O 24. Rhe1 Rac8 25. Bg4 Nf5 26. Bxf5 Bxf5 27.
Re3 cxd4 28. cxd4 Bd8 29. g4 Bh7 30. Rg3 Bh4 31. Rh3 Qe7 32. Be3 Qd8 33.
Kh2 Kh8 34. Rg1 Rc7 35. Ne1 Be7 36. g5 Bxg5 37. Bxg5 hxg5 38. h6 f6 39. Nf3
Kg8 40. hxg7 Rxg7 41. exf6 Qxf6 42. Rxg5 Be4 43. Rhg3 Rff7 44. Rxg7+ Rxg7
45. Rxg7+ Qxg7 46. Ng5 Qc7+ 47. Kh3 Bf5+ 48. Kg2 Kg7 49. Qe2 Kf6 50. Qe3
Ke7 51. Nf3 Be4 52. b3 Kd8 53. Kf1 Qc2 54. Ne1 Qd1 55. f3 Bf5 56. Kf2 Kd7
57. Qc3 Bb1 58. Kg3 Bg6 59. Ng2 Qd3 60. Qb2 Bh5 61. Nh4 Qe3 62. Qc2 Qg5+
63. Kh3 Bf7 64. Qh7 Ke7 65. Qh8 Qf4 66. Qg7 Qf6 67. Qg4 Kd8 68. Ng2 Bg6 69.
Ne3 Ke7 1/2-1/2

[Event "12th Open"]
[Site "Dubai UAE"]
[Date "2010.04.12"]
[Round "8"]
[White "Ibrahimov,R"]
[Black "Guseinov,G"]
[Result "0-1"]
[WhiteElo "2538"]
[BlackElo "2609"]
[EventDate "2010.04.05"]

1. Nf3 g6 2. d4 Nf6 3. c4 Bg7 4. Nc3 O-O 5. e4 d6 6. Be2 c5 7. O-O cxd4 8.
Nxd4 Nc6 9. Nc2 Nd7 10. Bd2 a5 11. Na3 Nc5 12. Nab5 a4 13. Be3 Be6 14. Qc2
Qa5 15. Rad1 Qb4 16. a3 Qb3 17. Qxb3 axb3 18. Rd2 Na4 19. Rc1 Rfc8 20. f4
Nxc3 21. Nxc3 Na5 22. Nd5 Bxd5 23. exd5 b5 24. c5 dxc5 25. Bxb5 c4 26. Kf2
c3 27. bxc3 Bxc3 28. Rdd1 b2 29. Rb1 Nc4 30. Bc6 Nxa3 31. Bxa8 Rxa8 0-1

[Event "12th Open"]
[Site "Dubai UAE"]
[Date "2010.04.12"]
[Round "8"]
[White "Aleksandrov,A"]
[Black "Arizmendi Martinez,J"]
[Result "1-0"]
[WhiteElo "2601"]
[BlackElo "2531"]
[EventDate "2010.04.05"]

1. d4 d5 2. c4 c6 3. Nf3 Nf6 4. e3 e6 5. Bd3 dxc4 6. Bxc4 Nbd7 7. O-O Bd6
8. Re1 O-O 9. e4 e5 10. Bg5 h6 11. Bh4 Qe7 12. Nbd2 b5 13. Bf1 c5 14. dxc5
Nxc5 15. Bxb5 Rb8 16. Bf1 Rd8 17. Qc2 g5 18. Bg3 Bg4 19. h3 Bh5 20. Nd4
exd4 21. e5 d3 22. Qc1 Re8 23. f3 Bc7 24. exf6 Qd7 25. Rxe8+ Rxe8 26. Bxc7
Qxc7 27. Nb3 Bxf3 28. Qc3 d2 29. Nxd2 Qb6 30. Nc4 1-0

[Event "12th Open"]
[Site "Dubai UAE"]
[Date "2010.04.12"]
[Round "8"]
[White "Lalith,B"]
[Black "Pantsulaia,L"]
[Result "0-1"]
[WhiteElo "2493"]
[BlackElo "2588"]
[EventDate "2010.04.05"]

1. Nf3 c5 2. c4 b6 3. g3 Bb7 4. Bg2 g6 5. d4 cxd4 6. Qxd4 Nf6 7. O-O Bg7 8.
Nc3 d6 9. Qh4 h6 10. Be3 Nbd7 11. Rac1 Rc8 12. Rfd1 Kf8 13. Ne5 Bxg2 14.
Nxd7+ Qxd7 15. Kxg2 Ng4 16. Nd5 Nxe3+ 17. Nxe3 Bxb2 18. Rc2 Bf6 19. Qe4 Kg7
20. Nd5 Qf5 21. Nxf6 Kxf6 22. Qd4+ Qe5 23. Qh4+ Kg7 24. Rd5 Qf6 25. Qe4 Rc7
26. a4 Rhc8 27. a5 Rc5 28. axb6 axb6 29. h4 h5 30. Qd3 Rxd5 31. Qxd5 Rc5
32. Qd3 Qe5 33. Rd2 Ra5 34. Qb3 Qe4+ 35. Kh2 Qc6 36. Ra2 Rc5 37. Ra7 Re5
38. Qb2 f6 39. Qa2 Qe4 40. e3 g5 41. hxg5 h4 42. gxf6+ Kxf6 43. g4 Qxg4 44.
Qb2 Kf7 45. Qb1 Rf5 46. Qg1 Qe2 47. Rxe7+ Kxe7 48. Qg7+ Rf7 49. Qg5+ Kd7
0-1

[Event "12th Open"]
[Site "Dubai UAE"]
[Date "2010.04.12"]
[Round "8"]
[White "Melkumyan,H"]
[Black "Kotanjian,T"]
[Result "1-0"]
[WhiteElo "2582"]
[BlackElo "2522"]
[EventDate "2010.04.05"]

1. c4 e6 2. g3 d5 3. Nf3 Nf6 4. Bg2 dxc4 5. Qa4+ c6 6. Qxc4 b5 7. Qb3 Bb7
8. O-O a6 9. d4 c5 10. dxc5 Nbd7 11. Be3 Nxc5 12. Bxc5 Bxc5 13. Ne5 Bxg2
14. Kxg2 Qd5+ 15. Qxd5 Nxd5 16. Rd1 Be7 17. Nd2 O-O 18. Ne4 Rfc8 19. Rac1
f5 20. Nd2 Bf6 21. Nd3 a5 22. a3 Nb6 23. b3 Be7 24. Nb1 a4 25. b4 Nc4 26.
Kg1 e5 27. h4 Rd8 28. Kf1 Rac8 29. Kg1 Kf7 30. f3 Ke6 31. Kf2 Bd6 32. e4
fxe4 33. fxe4 Be7 34. Ke2 Rd4 35. Nf4+ Kf7 36. Rxd4 exd4 37. Nd2 Bd6 38.
Nf3 Rd8 39. e5 Bxe5 40. Rxc4 Bxf4 41. Rxd4 Re8+ 42. Kf1 Bxg3 43. Rd5 Rb8
44. Kg2 Ke6 45. Rc5 Bf4 46. Nd4+ Kd7 47. Rd5+ Ke7 48. Kf3 Bc1 49. Ke4 Rf8
50. Nf5+ Kf7 51. Rd3 Re8+ 52. Kf3 Kg6 53. Nd6 Rd8 54. Ke4 Bxa3 55. Rg3+ Kf6
56. Rf3+ Ke6 1-0

[Event "12th Open"]
[Site "Dubai UAE"]
[Date "2010.04.12"]
[Round "8"]
[White "Arutinian,D"]
[Black "Dzagnidze,N"]
[Result "1-0"]
[WhiteElo "2576"]
[BlackElo "2479"]
[EventDate "2010.04.05"]

1. d4 Nf6 2. c4 e6 3. Nc3 Bb4 4. e3 c5 5. Bd3 cxd4 6. exd4 d5 7. cxd5 Nxd5
8. Bd2 Nc6 9. Nf3 O-O 10. O-O Be7 11. Re1 Ncb4 12. Bb1 Nf6 13. Bg5 b6 14.
Bxf6 Bxf6 15. Be4 Nd5 16. Bxd5 exd5 17. Ne5 Be6 18. Qa4 a6 19. Qb4 Be7 20.
Qb3 Qd6 21. Na4 f6 22. Nf3 Bd8 23. Rac1 Rc8 24. Rxc8 Bxc8 25. Nc3 Be6 26.
g3 b5 27. a4 b4 28. Nd1 Bb6 29. Ne3 a5 30. Rc1 Ba7 31. Qd3 Rb8 32. b3 g6
33. Nh4 Kg7 34. Nhg2 Rc8 35. Rxc8 Bxc8 36. Nf4 Ba6 37. Qd2 Kf7 38. h4 Bb7
39. h5 f5 40. hxg6+ hxg6 41. Nc2 Qe7 42. Nd3 Bb8 43. Nce1 Ba6 44. Nf3 Bxd3
45. Qxd3 Kg7 46. Qb5 Qd8 47. Qc6 Bc7 48. Ng5 Qxg5 49. Qxc7+ Kh6 50. Qxa5 f4
51. Qxb4 fxg3 52. Qf8+ Kh7 53. Qf7+ Kh6 54. Kf1 gxf2 55. Qxf2 Qc1+ 56. Kg2
Qg5+ 57. Kf3 Qf5+ 58. Ke3 Qh3+ 59. Qf3 Qe6+ 60. Kd2 g5 61. a5 Qd6 62. Qh3+
Kg7 63. Kc2 Qc7+ 64. Qc3 Qd6 65. Qc5 Qg6+ 66. Kb2 Qe4 67. Ka3 g4 68. a6 Qe2
69. Qc7+ Kg6 70. Qd6+ Kh7 71. a7 Qe1 72. Qd7+ Kh6 73. Qc6+ Kg5 74. Qxd5+
Kh4 75. a8=Q 1-0

[Event "12th Open"]
[Site "Dubai UAE"]
[Date "2010.04.12"]
[Round "8"]
[White "Gupta,Ab"]
[Black "Ramnath,B"]
[Result "0-1"]
[WhiteElo "2560"]
[BlackElo "2360"]
[EventDate "2010.04.05"]

1. d4 Nf6 2. c4 g6 3. Nc3 Bg7 4. e4 d6 5. Be2 O-O 6. Be3 e5 7. Nf3 c6 8.
O-O Na6 9. h3 exd4 10. Nxd4 Re8 11. Qc2 Nc5 12. Bf3 a5 13. Rfe1 Qe7 14.
Rad1 Be6 15. b3 Rad8 16. a3 Bc8 17. Bc1 Qc7 18. Qb1 h6 19. Be3 Nh7 20. h4
Nf6 21. h5 Bg4 22. hxg6 fxg6 23. b4 axb4 24. axb4 Bxf3 25. Nxf3 Ncxe4 26.
Nxe4 Rxe4 27. Nd2 Re6 28. Qxg6 Rde8 29. Qg3 Qf7 30. Nf3 d5 31. Qh3 Nh5 32.
cxd5 cxd5 33. Nd4 Nf4 34. Qg4 Nxg2 35. Nxe6 Rxe6 36. Qxg2 Rg6 37. Bd4 Rxg2+
38. Kxg2 Bxd4 39. Re2 Bg7 40. Rd3 d4 41. Rg3 Kh8 42. Kg1 b5 43. Rc2 Qe7 44.
Kf1 Qxb4 45. Rc7 Qb1+ 46. Kg2 Qe4+ 47. Kg1 Qe1+ 48. Kg2 Qe5 49. Rd7 b4 50.
Kg1 h5 51. Kg2 Kh7 52. Kg1 Kh6 53. Ra7 h4 54. Rg4 Bf6 55. Ra6 Kh5 56. Rg8
Qe1+ 57. Kg2 h3+ 58. Kf3 h2 0-1

[Event "12th Open"]
[Site "Dubai UAE"]
[Date "2010.04.12"]
[Round "8"]
[White "Gelashvili,T"]
[Black "Laxman,R"]
[Result "1/2-1/2"]
[WhiteElo "2621"]
[BlackElo "2485"]
[EventDate "2010.04.05"]

1. d4 Nf6 2. Nf3 e6 3. e3 c5 4. c4 cxd4 5. exd4 Bb4+ 6. Nc3 O-O 7. Bd3 d5
8. cxd5 Nxd5 9. Bd2 Nc6 10. O-O Nf6 11. Bg5 Be7 12. Re1 Nd5 13. h4 h6 14.
Nxd5 exd5 15. Bxe7 Nxe7 16. Rc1 Bg4 17. Bb1 Ng6 18. Qd3 Bxf3 19. Qxf3 Qxh4
20. Bxg6 fxg6 21. Qxd5+ Kh7 22. g3 Qf6 23. Re2 Rf7 24. Qe4 Rd8 25. d5 Rfd7
26. Rd1 Qf5 27. Qxf5 gxf5 28. Re5 Kg6 29. f4 Kf6 30. Kf2 Re7 31. Rxe7 Kxe7
32. Re1+ Kd6 33. Re5 Rc8 34. Rxf5 Rc2+ 35. Kf3 Rxb2 36. Rf7 g6 37. Rf6+
Kxd5 38. Rxg6 Rxa2 39. Rxh6 Ra3+ 40. Kg4 b5 41. Rh5+ Kc6 42. f5 Kd6 43.
Rh6+ Kd5 44. Rh1 Ke5 45. Re1+ Kf6 46. Re6+ Kf7 47. Re5 b4 48. Rb5 a5 49.
Kf4 b3 50. Kg5 a4 51. Rb7+ Ke8 52. g4 Ra1 53. f6 Rf1 54. Kg6 a3 55. Rxb3 a2
56. f7+ Rxf7 57. Ra3 Rf2 58. g5 Kd7 59. Kh7 Rh2+ 60. Kg7 Kc6 61. g6 Kb5
1/2-1/2

[Event "12th Open"]
[Site "Dubai UAE"]
[Date "2010.04.12"]
[Round "8"]
[White "Shengelia,D"]
[Black "Harika,D"]
[Result "1-0"]
[WhiteElo "2567"]
[BlackElo "2473"]
[EventDate "2010.04.05"]

1. Nf3 Nf6 2. e3 g6 3. b4 Bg7 4. Bb2 O-O 5. Be2 b6 6. O-O Bb7 7. c4 c5 8.
a3 d6 9. d4 Nbd7 10. Qb3 Rb8 11. Rd1 cxd4 12. Nxd4 a6 13. Nc3 e6 14. Rac1
Qe7 15. Bf3 Ne5 16. Bxb7 Qxb7 17. b5 Rfc8 18. bxa6 Qxa6 19. Ncb5 Ne8 20.
Ne2 Nxc4 21. Bxg7 Na5 22. Qb2 Rxc1 23. Rxc1 Nxg7 24. Nxd6 Ne8 25. Nxe8 Rxe8
26. Ng3 Qd3 27. h4 Nc4 28. Qf6 h5 29. Rc3 Qd5 30. Qf4 Ne5 31. f3 Nd3 32.
Qc7 Qe5 33. Ne4 Qxc7 34. Nf6+ Kf8 35. Rxc7 Ra8 36. Nd7+ Ke8 37. Nf6+ Kf8
38. Nd7+ Ke8 39. Nxb6 Rxa3 40. Nc4 Ra1+ 41. Kh2 Ra6 42. Kg3 Kf8 43. e4 Kg8
44. f4 Ra2 45. Nd6 Ra3 46. Rc8+ Kh7 47. Kh2 Nf2 48. Kg1 Ng4 49. Kf1 Ra7 50.
e5 f6 51. exf6 Nxf6 52. g3 Ra1+ 53. Ke2 Ra3 54. Rf8 Ng4 55. Kd2 Rxg3 56.
Ne4 Rg2+ 57. Kc3 Kg7 58. Ra8 e5 59. Ra7+ Kf8 60. Ng5 exf4 61. Ne6+ Ke8 62.
Nxf4 Rg3+ 63. Kd4 Nh6 64. Ke5 Ng4+ 65. Kd6 Rf3 66. Re7+ Kf8 67. Ne6+ Kg8
68. Re8+ 1-0

[Event "12th Open"]
[Site "Dubai UAE"]
[Date "2010.04.12"]
[Round "8"]
[White "Ibrayev,N"]
[Black "Arun Prasad,S"]
[Result "1/2-1/2"]
[WhiteElo "2405"]
[BlackElo "2549"]
[EventDate "2010.04.05"]

1. Nf3 d5 2. d4 Nf6 3. c4 c6 4. Qc2 dxc4 5. Qxc4 Bf5 6. g3 e6 7. Bg2 Nbd7
8. O-O Be7 9. Nc3 O-O 10. Re1 Bg6 11. Bg5 h6 12. Bxf6 Bxf6 13. Rad1 Qb6 14.
Rd2 Rfd8 15. e3 a5 16. a3 Qa7 17. Qa2 a4 18. Red1 Qa5 19. h3 Nb6 20. Nh2 h5
21. Nf3 e5 22. dxe5 Rxd2 23. Rxd2 Bxe5 24. Nxe5 Qxe5 25. Rd4 Bc2 26. Qa1
Bb3 27. Qc1 Qe7 28. Ne4 Ra5 29. Qd2 Rd5 30. Nc3 Rd7 31. h4 Qd8 32. Ne2 Bc4
33. Bf3 g6 34. Rxd7 Qxd7 35. Qxd7 Nxd7 36. Nc3 Ne5 37. Bd1 b5 38. Bc2 Bd3
39. Bxd3 Nxd3 40. Nd1 c5 41. Nc3 Nxb2 42. Nxb5 f5 43. Kf1 Kf7 44. Ke2 Ke6
45. Nc3 Kd6 46. f3 Kc6 47. Kd2 Nc4+ 48. Kd3 Nxa3 49. Nxa4 Kb5 50. Nc3+ Kb4
51. e4 c4+ 52. Kd2 fxe4 53. fxe4 Nb5 54. Nd5+ Kb3 55. e5 c3+ 56. Nxc3 Nxc3
57. e6 Kc4 58. e7 Ne4+ 59. Ke3 Nf6 60. Kf4 Kd5 61. Kg5 Ke6 62. Kxg6 Kxe7
63. Kg5 1/2-1/2

[Event "12th Open"]
[Site "Dubai UAE"]
[Date "2010.04.12"]
[Round "8"]
[White "Lopez Martinez,Josep"]
[Black "Karavade,E"]
[Result "1-0"]
[WhiteElo "2548"]
[BlackElo "2366"]
[EventDate "2010.04.05"]

1. e4 e5 2. Nf3 Nc6 3. Bb5 a6 4. Ba4 Nf6 5. d3 b5 6. Bb3 Be7 7. O-O d6 8.
c3 O-O 9. Re1 Na5 10. Bc2 c5 11. Nbd2 Nc6 12. Nf1 h6 13. Ng3 Re8 14. h3 Be6
15. a4 Qc7 16. Nh2 d5 17. exd5 Nxd5 18. Qh5 Nf6 19. Qf3 Bd5 20. Qe2 Qd7 21.
Nh5 Nxh5 22. Qxh5 f5 23. Bd2 b4 24. Rad1 b3 25. Bb1 Bf7 26. Qf3 Rad8 27.
Nf1 Bd5 28. Qe2 f4 29. Nh2 Bd6 30. f3 Qf7 31. Ng4 a5 32. Nf2 Be7 33. Ne4
Bh4 34. Rf1 Qa7 35. Be1 Bxe1 36. Rfxe1 c4+ 37. Kh2 cxd3 38. Bxd3 Ne7 39.
Nf2 Qb6 40. Bb5 Rf8 41. Ng4 e4 42. fxe4 f3 43. gxf3 Qc7+ 44. Kh1 Be6 45.
Rxd8 Rxd8 46. Rg1 Qf4 47. Qe3 Qxe3 48. Nxe3 Bxh3 49. Bc4+ Kh7 50. Kh2 Bc8
51. Kg3 Ng6 52. Rd1 Rf8 53. Bxb3 h5 54. Nf5 1-0

[Event "12th Open"]
[Site "Dubai UAE"]
[Date "2010.04.12"]
[Round "8"]
[White "Savchenko,S"]
[Black "Agaragimov,D"]
[Result "1-0"]
[WhiteElo "2526"]
[BlackElo "2304"]
[EventDate "2010.04.05"]

1. d4 Nf6 2. c4 g6 3. Nc3 Bg7 4. e4 d6 5. Nf3 O-O 6. Be2 c5 7. O-O cxd4 8.
Nxd4 Nc6 9. Be3 Bd7 10. Qd2 Nxd4 11. Bxd4 Bc6 12. f3 a5 13. b3 Nd7 14. Be3
Nc5 15. Rab1 Qb6 16. Rfc1 Rfc8 17. Rc2 h5 18. Bf1 Kh7 19. Kh1 Qb4 20. Qc1
Qb6 21. a3 Qd8 22. Qd2 Qh8 23. Nd5 Qd8 24. Bg5 Bxd5 25. Qxd5 Ne6 26. Be3
Qc7 27. Qd2 Qc6 28. Rcc1 Kg8 29. Rd1 Kh7 30. Qe1 Bf6 31. Rd5 Nc7 32. Rxa5
Rab8 33. Ra7 Ne6 34. Qd2 Nc7 35. b4 Qd7 36. Rd1 Qe8 37. Qa2 Kg7 38. a4 h4
39. Ra5 Qh8 40. c5 h3 41. g3 Ne6 42. f4 b6 43. cxb6 Rc3 44. Qd2 Rbc8 45. b7
R8c7 46. Ra8 Qh5 47. Be2 Rc8 1-0

[Event "12th Open"]
[Site "Dubai UAE"]
[Date "2010.04.12"]
[Round "8"]
[White "Foisor,C"]
[Black "Makropoulou,M"]
[Result "1/2-1/2"]
[WhiteElo "2433"]
[BlackElo "2225"]
[EventDate "2010.04.05"]

1. e4 e5 2. Nf3 Nf6 3. Nxe5 d6 4. Nf3 Nxe4 5. Qe2 Qe7 6. d3 Nf6 7. Bg5
Qxe2+ 8. Bxe2 Be7 9. Nbd2 h6 10. Bh4 Nc6 11. c3 O-O 12. Ne4 Nxe4 13. dxe4
Bxh4 14. Nxh4 Re8 15. f3 Be6 16. Kf2 Rad8 17. f4 d5 18. exd5 Bxd5 19. Rhd1
a6 20. Bf3 Bxf3 21. Nxf3 Kf8 22. Rxd8 Rxd8 23. Re1 a5 24. Re2 b6 25. Rd2
Rxd2+ 26. Nxd2 Ke7 27. Ke3 Ke6 28. Ke4 f5+ 29. Kd3 Kd5 30. Nc4 g6 31. Ne3+
Kd6 32. Nc4+ Kd5 33. Ne3+ Kd6 1/2-1/2

[Event "12th Open"]
[Site "Dubai UAE"]
[Date "2010.04.12"]
[Round "8"]
[White "Ghane,S"]
[Black "Ayyad,M"]
[Result "1-0"]
[WhiteElo "2375"]
[BlackElo "2151"]
[EventDate "2010.04.05"]

1. d4 d5 2. c4 e6 3. Nc3 Nf6 4. Bf4 Bd6 5. Bg3 c6 6. e3 Qe7 7. Bxd6 Qxd6 8.
c5 Qe7 9. f4 O-O 10. Bd3 Nbd7 11. Nf3 b6 12. b4 a5 13. a3 axb4 14. axb4
Rxa1 15. Qxa1 Ng4 16. Ke2 f6 17. h3 Nh6 18. Qa8 bxc5 19. bxc5 Nxc5 20. dxc5
Qxc5 21. Na4 Qd6 22. Nb6 Qc7 23. Rb1 e5 24. fxe5 fxe5 25. Nxc8 Rxc8 26. Qa2
Nf7 27. e4 Re8 28. Kf1 Kh8 29. Kg1 Nd6 30. Nd2 Qf7 31. Rf1 Qg6 32. Qc2 Qg5
33. Qxc6 1-0

[Event "12th Open"]
[Site "Dubai UAE"]
[Date "2010.04.12"]
[Round "8"]
[White "Venkatesh,M"]
[Black "Berezina,I"]
[Result "1-0"]
[WhiteElo "2441"]
[BlackElo "2239"]
[EventDate "2010.04.05"]

1. e4 g6 2. d4 c6 3. Nc3 Bg7 4. Nf3 d5 5. h3 Nh6 6. Bd3 O-O 7. Qe2 Na6 8.
Bf4 dxe4 9. Bxe4 Nf5 10. O-O-O Nd6 11. g4 Nxe4 12. Qxe4 f5 13. Qe3 fxg4 14.
Ng5 Qd7 15. hxg4 Qxg4 16. Ne2 h5 17. Rdg1 Qf5 18. a3 c5 19. Nf3 cxd4 20.
Nfxd4 Qf6 21. Rxh5 Bf5 22. Rxf5 gxf5 23. Be5 f4 24. Qb3+ 1-0

[Event "12th Open"]
[Site "Dubai UAE"]
[Date "2010.04.12"]
[Round "8"]
[White "Bennett,J"]
[Black "AlHuwar,J"]
[Result "0-1"]
[WhiteElo "2160"]
[BlackElo "2308"]
[EventDate "2010.04.05"]

1. d4 Nf6 2. c4 g6 3. Nc3 d5 4. Nf3 Bg7 5. cxd5 Nxd5 6. e4 Nxc3 7. bxc3 c5
8. Rb1 O-O 9. Be2 Qa5 10. Rb5 Qxc3+ 11. Bd2 Qa3 12. Rxc5 Nc6 13. Bc1 Qxa2
14. O-O Bg4 15. Be3 Rac8 16. Rc2 Qa5 17. Rc5 Qa2 18. Rc2 Qa3 19. d5 Nb4 20.
Rxc8 Rxc8 21. d6 exd6 22. Qxd6 Qb2 23. Qf4 Be6 24. Qd6 Nc6 25. Re1 Bc3 26.
Bd2 Rd8 27. Bxc3 Qxc3 28. Qc7 Rd7 29. Qf4 Nd4 0-1

[Event "12th Open"]
[Site "Dubai UAE"]
[Date "2010.04.12"]
[Round "8"]
[White "Sharbaf,M"]
[Black "Marcos,M"]
[Result "1-0"]
[WhiteElo "2373"]
[BlackElo "2113"]
[EventDate "2010.04.05"]

1. d4 e6 2. Nf3 d5 3. Bf4 c5 4. e3 Qb6 5. Nc3 a6 6. Rb1 Nc6 7. Be2 Nf6 8.
O-O Qa5 9. a3 c4 10. Ne5 Bd7 11. Nxd7 Nxd7 12. e4 Be7 13. exd5 exd5 14. Bf3
Nf6 15. Re1 O-O 16. g4 Rad8 17. Qd2 h6 18. g5 Ne4 19. Nxe4 dxe4 20. Qxa5
Nxa5 21. Bxe4 Rxd4 22. Be5 Rd7 23. gxh6 f5 24. hxg7 Rf7 25. Bf3 Bf6 26. Kh1
Kxg7 27. Rg1+ Kf8 28. Bf4 Nc6 29. Rbe1 Bxb2 30. Bh5 Bg7 31. Bxf7 Kxf7 32.
Rd1 Re7 33. Bg5 Bf6 34. Bxf6 Kxf6 35. Rge1 Rc7 36. f4 Ne7 37. Rd6+ Kf7 38.
Red1 Ng6 39. Rd7+ Rxd7 40. Rxd7+ Ke6 41. Rxb7 Nxf4 42. Ra7 Ne2 43. Rxa6+
Ke5 44. Rc6 Kd5 45. Rc8 Nd4 46. h4 f4 47. h5 Nf5 48. Kg1 Kd4 49. Kf2 Kc3
50. a4 1-0

[Event "12th Open"]
[Site "Dubai UAE"]
[Date "2010.04.12"]
[Round "8"]
[White "Bajarani,U"]
[Black "Umudova,N"]
[Result "1/2-1/2"]
[WhiteElo "2395"]
[BlackElo "2211"]
[EventDate "2010.04.05"]

1. e4 c5 2. Nf3 Nc6 3. d4 cxd4 4. Nxd4 Nf6 5. Nc3 e5 6. Ndb5 d6 7. Bg5 a6
8. Na3 b5 9. Nd5 Be7 10. Bxf6 Bxf6 11. c4 b4 12. Nc2 a5 13. Be2 Bg5 14. O-O
O-O 15. Qd3 Ne7 16. Rad1 Bb7 17. Nde3 Qb6 18. Bf3 Rad8 19. Nf5 g6 20. Nxe7+
Bxe7 21. b3 Bg5 22. a3 bxa3 23. Nxa3 Bc6 24. Nb5 Qb7 25. Rb1 Be7 26. Nc3
Rb8 27. Rfd1 Qb4 28. Bg4 h5 29. Bd7 Bxd7 30. Nd5 Qc5 31. Nxe7+ Kg7 32. Nd5
Bc6 33. Ne7 Ba8 34. Rbc1 Rb6 35. Rc3 Rfb8 36. h4 Qc7 37. Nd5 Bxd5 38. cxd5
Qb7 39. Ra1 Rxb3 40. Rxb3 Qxb3 41. Qxb3 Rxb3 42. Rxa5 Kf8 43. Ra8+ 1/2-1/2